000 00209 a2200097 4500
001 32656
100 _aJIN
245 _aQuaid-e-Azam Aur Aun Ka Aahad
260 _a
_bMqbool Academy
_c
090 _c21869
_d21869
942 _aNUST-CAE
_cM
_c13190
999 _c267729
_d267729